000 00604cam a22002053a 4500
001 44380
003 PGUSA
005 20140828084020.0
008 131207s2013||||xxu|||||s|||||000 | eng d
040 _aPGUSA
_beng
042 _adc
100 1 _aAimard, Gustave,
_d1818-1883
245 1 4 _aThe Buccaneer Chief :
_bA Romance of the Spanish Main
_h[electronic resource] /
_cGustave Aimard
260 _bProject Gutenberg,
_c2013
506 _aPublic domain in the USA.
516 _aElectronic text
830 0 _aProject Gutenberg
_v44380
856 4 0 _uhttp://www.gutenberg.org/ebooks/44380
942 _cEB
999 _c273631
_d273631